Race and nationalism in Trinidad and Tobago : a study of decolonization in a multiracial society /

Bibliographic Details
Main Author: Ryan, Selwyn D.
Format: Book
Language:English
Published: [Toronto], [Buffalo] : University of Toronto Press, [1972]
Subjects:

MARC

Tag First Indicator Second Indicator Subfields
LEADER 00000cam a2200000 4500
001 in00000257536
005 20151010053638.0
008 730111s1972 onc b 00110 eng
010 |a  70185735  
015 |a C*** 
020 |a 0802052568 
020 |a 0802000959 (microfiche) 
035 |a (OCoLC)00553386 
035 |9 ABC5253AM 
037 |c $15.00 
040 |a DLC  |c DLC  |d TXA  |d UtOrBLW 
043 |a nwtr--- 
049 |a TXAM  |c [712287] 
050 0 0 |a F2121  |b .R92 1972 
082 0 |a 972.9/83 
100 1 |a Ryan, Selwyn D. 
245 1 0 |a Race and nationalism in Trinidad and Tobago :  |b a study of decolonization in a multiracial society /  |c [by] Selwyn D. Ryan. 
264 1 |a [Toronto],  |a [Buffalo] :  |b University of Toronto Press,  |c [1972] 
300 |a xiv, 509 pages ;  |c 25 cm. 
336 |a text  |b txt  |2 rdacontent 
337 |a unmediated  |b n  |2 rdamedia 
338 |a volume  |b nc  |2 rdacarrier 
504 |a Includes bibliographical references. 
651 0 |a Trinidad and Tobago  |x History. 
651 0 |a Trinidad and Tobago  |x Race relations. 
999 |a MARS 
999 f f |s 59b78b3a-4bbe-3ec2-8b1e-973bbce0db58  |i 6001201a-04ee-33d0-a8df-bf738534d78e  |t 0 
952 f f |p ric  |a Texas A&M University  |b Rellis Campus  |c Joint Library Facility  |d Remote Storage  |t 0  |e F2121 .R92 1972  |h Library of Congress classification  |i unmediated -- volume  |m A14802361417 
998 f f |a F2121 .R92 1972  |t 0  |l Remote Storage